000 00388nam a2200145Ia 4500
008 220217s9999||||xx |||||||||||||| ||und||
020 _a9788123908915
082 _a629.2 HEI
100 _aHeitner, Joseph
245 0 _aAutomative mechanics
250 _a2nd
260 _aCBS publishers
_bNew Delhi
_c2004
300 _aVII, 608p.
_b225
650 _aAUTOMOBILE ENGINEERING
_98649
999 _c185191
_d185191